| 000 | 00000nam 2200000za 4500 |
| 001 | 9.592663 |
| 003 | CaOODSP |
| 005 | 20230324133515 |
| 007 | cr ||||||||||| |
| 008 | 150406s2005 quc|||||o f|0| 0 fre d |
| 020 | |a0-662-70668-4 |
| 040 | |aCaOODSP|bfre |
| 043 | |an-cn--- |
| 086 | 1 |aEn153-114/3-2005F-PDF |
| 245 | 03|aLe fou de Bassan |h[ressource électronique] : |bune espèce sentinelle du golfe / |cpubl. par le Plan Saint-Laurent, Bureau de coordination. |
| 250 | |a2e éd. |
| 260 | |aMontréal : |bEnvironnement Canada, |c2005. |
| 300 | |a4 p. : |bill. en couleur, figures, cartes. |
| 504 | |aComprend des réf. bibliogr. |
| 590 | |a08-03-Supp|b2008-09-09 |
| 691 | 07|aGestion de l'environnement|2gcpds |
| 691 | 07|aOiseau aquatique|2gcpds |
| 710 | 2 |aCentre Saint-Laurent. |
| 775 | 08|tNorthern Gannet - a sentinel species for the Gulf |w(CaOODSP)9.559969 |
| 856 | 40|ahttp://publications.gc.ca|qPDF|s1483 Ko|uhttps://publications.gc.ca/collections/collection_2008/ec/En153-114-3-2005F.pdf |